NFL Oldest Living Rushing TD Leaders - Statistics

General Stats
  • This quiz has been taken 7 times
  • The average score is 2 of 10
Answer Stats
Age Player % Correct
76 O.J. Simpson
86%
68 Earl Campbell
43%
74 John Riggins
29%
68 Billy Sims
14%
67 David Sims
14%
89 Lenny Moore
14%
76 Mercury Morris
14%
76 Duane Thomas
0%
81 Leroy Kelly
0%
79 Pete Banaszak
0%
No matching quizzes found
Score Distribution
Percent of People with Each Score
Percentile by Number Answered
Your Score History
You have not taken this quiz